Les manuscrits historiques de la bibliothèque nationale de Damas : Période Mamlouke, 648-922 H.1250-1517 /

محفوظ في:

المؤلف الرئيسي: Martel-Thoumian, Bernadette.

التنسيق: كتاب

اللغة: French

منشور في: Damas : Institut français du proche-orient, 2003.

سلاسل: Publications de l'I.F.E.A.D. ; 205.
PIFD ; 205.

الموضوعات:

الوسوم: إضافة وسم

لا توجد وسوم, كن أول من يضع وسما على هذه التسجيلة!

رقم الطلب: Z955 .D36 M37

LEADER 00971nam a22002537a 4500
003 OSt
005 20251201100526.0
008 251201t2003 sy h b 001 0 fre d
020 |a 2901315836 
040 |c ARCE Library 
050 1 4 |a Z955 .D36  |b M37 
100 1 |a Martel-Thoumian, Bernadette.  
245 1 0 |a Les manuscrits historiques de la bibliothèque nationale de Damas :   |b Période Mamlouke, 648-922 H.1250-1517 /   |c Bernadette Martel-Thoumian. 
246 1 4 |a Catalogue des manuscrits historiques de la bibliothèque nationale de Damas. 
264 1 |a Damas :   |b Institut français du proche-orient,   |c 2003. 
300 |a 336 p. :   |b facsims. ;   |c 25 cm. 
490 0 |a Publications de l'I.F.E.A.D. ;   |v 205. 
490 0 |a PIFD ;   |v 205. 
504 |a Includes bibliographical references and indexes (p. 309-336). 
650 0 |a Manuscripts, Arabic -- Syria -- Damascus -- Catalogs. 
651 0 |a Syria -- Damascus. 
901 |a reviewed 
942 |2 lcc  |c BK 
999 |c 49537  |d 49537